Responses for show #1324 - Thursday, May 10, 1990

1990 College Championship quarterfinal game 4.

Contestants

[<< previous game]

Amy Zucker, a senior from Wesleyan University (Connecticut)

Penny Prior, a sophomore from Georgetown University

Joey Burgoon, a senior from Georgia Tech

[next game >>]

Jeopardy! Round responses

HISTORIC TRIVIA
RHYMES WITH CREEP
ENERGY
RELIGION
POP MUSIC
SHARK!
    $100 21
Marquis de Lafayette

Penny
    $100 24
Leap

Penny
    $100 1
Sun

Amy
    $100 2
Joseph Smith

Joey
    $100 5
The Go-Go's

Penny
    $100 16
Swim

Amy
    $200 22
Mayflower

Amy
    $200 25
Sheep

Penny
    $200 3
Lead

Amy
    $200 10
Pope

Joey
    $200 6
Mick Jagger

Penny
    $200 17
(Alex: ...or relatives! Forgive me for that little attempt at humor!)

Teeth

Joey
    $300 23
(Alex: Adams & Jefferson before him)

July 4

Penny
    $300 26
(Meryl) Streep

Penny
    $300 4
Fossil fuel

Penny
    $300 12
Newport

Amy
    $300 7
"Weird Al" Yankovic

Joey
    $300 18
Fin

Joey
    $400 29
Tower of London

Triple Stumper
    $400 27
Neap

Amy
    $400 8
Strip mining

Penny
    $1,100 13
Huguenots

Amy
    $400 9
Sammy Hagar

Amy
    $400 19
Liver

Joey
    $500 30
(Alex: They wore those funny little caps!)

Doge

Triple Stumper
    $500 28
Deep

Joey
    $500 11
British thermal units

Amy
    $500 14
Mosque

Penny
    $500 15
Dire Straits

Joey
    $500 20
Whale shark

Joey

Scores at the first commercial break (after clue 13):

Joey Penny Amy
$600 $1,000 $2,600

Scores at the end of the Jeopardy! Round:

Joey Penny Amy
$3,000 $2,500 $3,300

Double Jeopardy! Round responses

WORLD GEOGRAPHY
LITERARY RELATIVES
THE ELEMENTS
NICKNAMES
THE 15th CENTURY
WORDPLAY
    $200 16
Seine

Amy
    $200 1
Charles Dickens

Joey
    $200 9
Calcium

Joey
    $200 11
Fergie

Joey
    $200 21
Constantinople

Joey
    $200 26
Lee Iacocca

Joey
    $400 17
Leningrad

Amy
    $400 4
Bronte sisters

Penny
    $400 8
Cobalt

Amy
    $400 12
Marines

Joey
    $400 22
Christopher Columbus

Amy
    $400 27
Dodo

Amy
    $1,300 18
(A: What is Lisbon?)

Rio de Janeiro

Amy
    $600 5
Sylvia Plath

Joey
    $600 7
Oxygen

Joey
    $600 13
John F. Kennedy

Penny
    $1,000 23
Leonardo da Vinci

Amy
    $600 28
Beef

Amy
    $800 19
Yokohama

Joey
    $800 6
"Daddy-Long-Legs"

Triple Stumper
    $800 3
Plutonium

Amy
    $800 14
Elton John

Amy
    $800 24
(A.G. Roncalli: Pope John XXIII)

Pope John

Triple Stumper
    $800 29
Noon

Penny
    $1000 20
Strait of Gibraltar

Triple Stumper
    $1000 10
Nathaniel Hawthorne

Penny
    $1000 2
(J: What is neon?)
(A: What is helium?)

Argon

JoeyAmy
Triple Stumper
    $1000 15
Stephen Douglas

Amy
    $1000 25
Castille

Joey
    $1000 30
Rotund

Penny

Scores at the end of the Double Jeopardy! Round:

Joey Penny Amy
$6,400 $6,300 $7,000

Final Jeopardy! Round responses

U.S. CITIES
PennyWhat is Boston?
$2,000
JoeyWhat is Lowell?
$3,900
AmyWhat is Lowell?
$5,801
Lowell

Final scores:

Joey Penny Amy
$10,300 $4,300 $12,801
2nd place: $1,000 if eliminated 3rd place: $1,000 if eliminated Automatic semifinalist

Game dynamics:

Coryat scores:

Joey Penny Amy
$6,400 $6,300 $7,200
19 R,
1 W
15 R,
0 W
19 R
(including 2 DDs),
2 W
(including 1 DD)

Combined Coryat: $19,900

The J! Archive is created by fans, for fans. The Jeopardy! game show and all elements thereof, including but not limited to copyright and trademark thereto, are the property of Jeopardy Productions, Inc. and are protected under law. This website is not affiliated with, sponsored by, or operated by Jeopardy Productions, Inc. Join the discussion at JBoard.tv.